000 nam a22 7a 4500
999 _c54925
_d54925
003 OSt
005 20220806153419.0
008 220806b xxu||||| |||| 00| 0 eng d
040 _cIIMT UNIVERSITY
100 _aKAPUR, J.N
245 _aAN INTRODUCTION TO MATRICES
260 _aNEW DELHI
_bR. CHAND
_c1977
300 _a191
942 _2ddc
_c09